मीडिया मुद्दे और चुनौतियां / (Record no. 145836)

MARC details
000 -LEADER
fixed length control field 01254nam a22002057a 4500
005 - DATE AND TIME OF LATEST TRANSACTION
control field 20181008145656.0
010 ## - LCCN (DPL NO)
LC control number 17-18HN-4.8.17 B-704134-140
020 ## - INTERNATIONAL STANDARD BOOK NUMBER
International Standard Book Number 9789383278398
Terms of availability 350.00
035 ## - SYSTEM CONTROL NUMBER
System control number B-704134-140
037 ## - SOURCE OF ACQUISITION
Source of stock number/acquisition बुक ट्री पब्लिशिंग हाउस
082 ## - DEWEY DECIMAL CLASSIFICATION NUMBER
Classification number 070.4
100 ## - MAIN ENTRY--PERSONAL NAME
Personal name उपाध्याय, सुशील
245 ## - TITLE STATEMENT
Title मीडिया मुद्दे और चुनौतियां /
Statement of responsibility, etc सुशील उपाध्याय
260 ## - PUBLICATION, DISTRIBUTION, ETC. (IMPRINT)
Place of publication, distribution, etc दिल्ली
Name of publisher, distributor, etc बुक ट्री पब्लिशिंग हाउस
Date of publication, distribution, etc 2018
270 ## - ADDRESS
Address 29/61, गली न. 11 विश्वास नगर
City दिल्ली
Postal code 110032
270 ## - ADDRESS
Address आत्माराम बिल्डिंग, 1376, इंडियन बैंक के पीछे, कशमीरी गेट
City दिल्ली
Postal code 110006
300 ## - PHYSICAL DESCRIPTION
Extent 144 पृ.
Dimensions 22से.मी.(सजिल्द)
942 ## - ADDED ENTRY ELEMENTS (KOHA)
Source of classification or shelving scheme Dewey Decimal Classification
Item type Hindi Books
Classification part 070.4
Call number suffix उपाध्या
Holdings
Withdrawn status Lost status Not for loan Collection code Home library Current library Date acquired Source of acquisition Cost, normal purchase price Full call number Barcode Copy number Cost, replacement price Koha item type
      Fiction Ashok Vihar Ashok Vihar 08/10/2018 Book Tree Publishing House/BKT/02/18/15-05-18/221/01-05-18/23-08-18 350.00 070.4 उपाध्या B-704140 1 350.00 Hindi Books
      Reference Central Library Central Library 08/10/2018 Book Tree Publishing House/BKT/02/18/15-05-18/221/01-05-18/23-08-18 350.00 070.4 उपाध्या B-704134 1 350.00 Hindi Books
      Fiction Mobile Library Mobile Library 08/10/2018 Book Tree Publishing House/BKT/02/18/15-05-18/221/01-05-18/23-08-18 350.00 070.4 उपाध्या B-704135 4 350.00 Hindi Books
      Fiction Mobile Library Mobile Library 08/10/2018 Book Tree Publishing House/BKT/02/18/15-05-18/221/01-05-18/23-08-18 350.00 070.4 उपाध्या B-704136 4 350.00 Hindi Books
      Fiction Mobile Library Mobile Library 08/10/2018 Book Tree Publishing House/BKT/02/18/15-05-18/221/01-05-18/23-08-18 350.00 070.4 उपाध्या B-704137 4 350.00 Hindi Books
      Fiction Mobile Library Mobile Library 08/10/2018 Book Tree Publishing House/BKT/02/18/15-05-18/221/01-05-18/23-08-18 350.00 070.4 उपाध्या B-704138 4 350.00 Hindi Books
      Fiction New Police Line New Police Line 08/10/2018 Book Tree Publishing House/BKT/02/18/15-05-18/221/01-05-18/23-08-18 350.00 070.4 उपाध्या B-704139 1 350.00 Hindi Books

© Delhi Public Library
Hit Counter
free hit counter